| 000 | 01001nam a22001937a 4500 | ||
|---|---|---|---|
| 005 | 20241017111707.0 | ||
| 010 | _aHIN-128657 | ||
| 020 |
_c650.00 _a9789383954360 |
||
| 035 | _aHN-101003 | ||
| 037 | _bDBAD | ||
| 082 | _a821.08 | ||
| 100 |
_aदेवेन्द्र देव _972900 |
||
| 245 |
_aराष्ट्र-पुत्र यश वन्त / _cदेवेन्द्र देव |
||
| 250 | _aप्रथम | ||
| 260 |
_aफ़रीदाबाद _bरंजन पब्लिकेशन _c2017 |
||
| 270 |
_bफ़रीदाबाद _aबी-529,एकता एन्कलेव , बाबा सूरदास कॉलोनी (पत्थर वाली बाउन्ड्री) निकट बाला जी अस्पताल , तिलपत _mranjanpublication@gmail.com _k8447244459 _e121003 |
||
| 300 |
_a203पृ. _c22सेमी. (अजिल्द) |
||
| 942 |
_2ddc _cHN _h821.08 _mदेवेन्द्र |
||
| 999 |
_c206451 _d206451 |
||